LEADER 02361nam0-22005051i-450- 001 990004296640403321 005 20150526094332.0 035 $a000429664 035 $aFED01000429664 035 $a(Aleph)000429664FED01 035 $a000429664 100 $a19990604d19231931km-y0itay50------ba 101 2 $agrc$aeng 102 $aGB 105 $ay-------001cy 200 1 $aHippocrates$fwith an english traslation by W. H. S. Jones 210 $aLondon$cWilliam Heinemann$d1923-1931 215 $a4 v.$cill. in b. e n.$d18 cm 225 1 $a<>Loeb classical library 307 $aVolumi rilegati con copertina rigida telata 327 1 $a1.: 1962. - lxix, 361, 8 p.$a2.: 1959. - lxvi, 335, 8 p., [1] c. di tav.$a3.: With an english translation by E. T. Withington. - 1959. - xxvii, 455, 8 p., [2] c. di tav.$a4.: 1967. - lix, 522, 8 p., [1] c. di tav. - [include] : Heracleitus on the universe 676 $a880.01 676 $a616 700 1$aHippocrates$f<460-370 a. C.>$0157241 702 0$aHeraclitus :$cEphesius$f<6.-5. sec. a. C.> 702 1$aJones,$bWilliam Henry Samuel 702 1$aWithington,$bE. T. 801 0$aIT$bUNINA$gRICA$2UNIMARC 901 $aBK 912 $a990004296640403321 952 $aP2B-600-LOEB-HIPPOCR.-200A(1)-1948$bBibl. 22092$fFLFBC$m10-21332 952 $aP2B-600-LOEB-HIPPOCR.-200A(1bis)-1962$bIst.Fil.cl. 1055$fFLFBC$mBRAU-33432 952 $aP2B-600-LOEB-HIPPOCR.-200A(1ter)-1962$bIst.St.Filos. 1942$fFLFBC$mBRAU-43115 952 $aP2B-600-LOEB-HIPPOCR.-200A(2)-1952$bBibl. 25854$fFLFBC$m10-21333 952 $aP2B-600-LOEB-HIPPOCR.-200A(2bis)-1959$bIst.Fil.cl. 1055$fFLFBC$mBRAU-33433 952 $aP2B-600-LOEB-HIPPOCR.-200A(2ter)-1967$bIst.St.Filos. 1943$fFLFBC$mBRAU-35537 952 $aP2B-600-LOEB-HIPPOCR.-200A(3)-1948$bBibl. 22092$fFLFBC$m10-21334 952 $aP2B-600-LOEB-HIPPOCR.-200A(3bis)-1959$bIst.Fil.cl. 1055$fFLFBC$mBRAU-33434 952 $aP2B-600-LOEB-HIPPOCR.-200A(3ter)-1968$bIst.St.Filos. 1944$fFLFBC$mBRAU-35493 952 $aP2B-600-LOEB-HIPPOCR.-200A(4)-1953$bBibl. 27161$fFLFBC$m10-21335 952 $aP2B-600-LOEB-HIPPOCR.-200A(4bis)-1959$bIst.Fil.cl. 1055$fFLFBC$mBRAU-33435 952 $aP2B-600-LOEB-HIPPOCR.-200A(4ter)-1967$bIst.St.Filos. 1945$fFLFBC$mBRAU-35500 959 $aFLFBC 996 $aDe natura muliebri$926746 997 $aUNINA LEADER 02844oas 2201201 a 450 001 9910333260203321 005 20251106213014.0 011 $a1096-0260 035 $a(DE-599)ZDB1471564-8 035 $a(DE-599)1471564-8 035 $a(OCoLC)36951446 035 $a(CONSER)sn 97006937 035 $a(CKB)954922647074 035 $a(EXLCZ)99954922647074 100 $a19970522a19729999 sy a 101 0 $aeng 135 $aurcnu|||||||| 181 $ctxt$2rdacontent 182 $cc$2rdamedia 183 $acr$2rdacarrier 200 10$aPreventive medicine 210 $a[San Diego, CA] $cAcademic Press 300 $aRefereed/Peer-reviewed 300 $aPublished: Amsterdam : Elsevier, <2009-> 311 08$a0091-7435 517 1 $aPM 531 0 $aPrev. med. 606 $aMedicine, Preventive$vPeriodicals 606 $aMedicine, Preventive 606 $aHealth promotion 606 $aPreventive Medicine 606 $aHealth Promotion 606 $aMe?decine pre?ventive$vPe?riodiques 606 $aMe?decine pre?ventive 606 $aPromotion de la sante? 606 $aHealth promotion$2fast$3(OCoLC)fst00953194 606 $aMedicine, Preventive$2fast$3(OCoLC)fst01015324 608 $aPeriodical. 608 $aPeriodicals.$2fast 615 0$aMedicine, Preventive 615 0$aMedicine, Preventive. 615 0$aHealth promotion. 615 2$aPreventive Medicine. 615 2$aHealth Promotion. 615 6$aMe?decine pre?ventive 615 6$aMe?decine pre?ventive. 615 6$aPromotion de la sante?. 615 7$aHealth promotion. 615 7$aMedicine, Preventive. 676 $a613 712 02$aAmerican Health Foundation 801 0$bOH1 801 1$bOH1 801 2$bNSD 801 2$bOCL 801 2$bMYG 801 2$bOCLCQ 801 2$bMYG 801 2$bOCLCQ 801 2$bGUA 801 2$bOCLCQ 801 2$bMUQ 801 2$bOCLCS 801 2$bOCL 801 2$bCLU 801 2$bOCLCQ 801 2$bOCLCO 801 2$bOCLCQ 801 2$bOPELS 801 2$bOCLCF 801 2$bOCLCO 801 2$bOCLCQ 801 2$bOCLCO 801 2$bOCLCQ 801 2$bTSC 801 2$bBUF 801 2$bEZC 801 2$bOCLCO 801 2$bOCLCA 801 2$bMST 801 2$bFQM 801 2$bU3W 801 2$bWYU 801 2$bOCLCO 801 2$bOCLCA 801 2$bDKU 801 2$bVT2 801 2$bOCLCO 801 2$bSFB 801 2$bOCLCA 801 2$bGWM 801 2$bCNMTR 801 2$bOCLCA 801 2$bOCLCO 801 2$bOCL 801 2$bOCLCQ 801 2$bUAB 801 2$bOCLCL 801 2$bOCLCQ 906 $aJOURNAL 912 $a9910333260203321 996 $aPreventive medicine$9790635 997 $aUNINA